| 000 | 00637nam a2200217Ia 4500 | ||
|---|---|---|---|
| 003 | OSt | ||
| 005 | 20240615121340.0 | ||
| 008 | 210210b2008 xxu||||| |||| 00| 0 eng d | ||
| 020 | _a8177132261 | ||
| 040 | _cAL | ||
| 041 | _aKannada | ||
| 082 | _a305.895487K KANB | ||
| 100 |
_aKANNADA PUSTAKA PRADHIKARA _d ಕನ್ನಡ ಪುಸ್ತಕ ಪ್ರಾಧಿಕಾರ _9171045 |
||
| 245 |
_aBailapattara _bಬೈಲಪಟ್ಟಾರ |
||
| 260 |
_aBengaluru _bKannada Pustaka Pradhikara _c2008 |
||
| 300 | _axxx,119 | ||
| 650 |
_aBailapattara _9171046 |
||
| 690 |
_aSocial Groups _9171047 |
||
| 906 | _a064402 | ||
| 942 |
_2ddc _cBK |
||
| 999 |
_c116389 _d116389 |
||